000 00261nam a22001217a 4500
082 _a536.2 MCA'H
100 _aMCADAMS, W. H
_978506
245 _aHEAT TRANSMISSION
250 _a3RD ED
260 _aLONDON
_bMCGRAW HILL
_c1954
300 _a532P
942 _cBK
999 _c583615
_d583615